Statistics for City to Body of Water

Click here to take the quiz!

General Stats

  • This quiz has been taken 202 times
  • The average score is 8 of 26

Answer Stats

City Hint Body of Water % Correct
ParisRiverSeine
80%
Sharm el-SheikhSeaRed
78%
TurkmenbasyInland SeaCaspian
77%
KarachiSeaArabian
63%
BakuInland SeaCaspian
61%
St. Paul, MNRiverMississippi
56%
LomeGulfGuinea
48%
Portland, ORRiverColumbia
45%
ArlesRiverRhone
37%
PiacenzaRiverPo
36%
DnipropetrovskRiverDnieper
35%
IncheonSeaYellow
33%
TrabzonSea/Inland SeaBlack
31%
DresdenRiverElbe
31%
TiberiasInland SeaGalilee
18%
HanoiRiverRed
13%
LiegeRiverMeuse
9%
HobartRiver/EstuaryDerwent
6%
FunchalBayFunchal
5%
HyderabadRiverMusi
3%
TampereChannel of RapidsTammerkoski
2%
N'DjamenaRiverChari
2%
PosadasRiverParana
2%
ChattahoocheeRiverApalachicola
1%
AntananarivoRiverIkopa
0%
YakshaRiverPechora
0%

Score Distribution

Percentile by Number Answered

Percent of People with Each Score

Your Score History

You have not taken this quiz